000 00760nam a2200325Ia 4500
001 a
003 a
005 20250415154103.0
008 190123s9999 xx 000 0 und d
020 _a9780545419758
050 _bFic
_aHi632 2013
082 _aFic
_bHi632 2013
100 _aMessner, Kate
245 0 _aHide and seek /
245 0 _cby Kate Messner.
260 _aNew York, New York :
260 _bScholastic,
260 _c2012
300 _a240 pages :
300 _bcolored illustrations ;
300 _c22cm.
500 _a780L
650 _aAdventure stories.
650 _aCosta Rica.
650 _aCriminals.
650 _aReligious articles.
650 _aSecret societies.
700 _aTitle.
942 _2ddc
_cBK
999 _c361190
_d361190